| 000 | 00712npc a2200217Ia 4500 | ||
|---|---|---|---|
| 001 | dd1-388 [d000000286] | ||
| 003 | IT-MiCISF | ||
| 008 | 161014s9999||||xx | und|| | ||
| 040 |
_aIT-MiCISF _cIT-MiCISF |
||
| 041 | _ait | ||
| 100 | _aFregni Gianfranco | ||
| 245 | 0 |
_aAffidamento familiare _bDall'esigenza alla proposta |
|
| 250 | _a1a ed. | ||
| 260 |
_aBologna _bCentro di documentazione e promozione familiare "G. P. Dore" _c1983 |
||
| 300 | _ap. 84 | ||
| 500 | _aDelfini G., Sagresti L., Bortolotti G., Poggi M.P. / affido, famiglia-affidataria, legge, bambino-in-affido, servizi, esperienze / | ||
| 650 | _aadozione-affido | ||
| 700 | _aAA.VV. | ||
| 942 | _cDD | ||
| 957 | _71 | ||
| 999 |
_a388 _bsi _g1 _c208317 _d208317 |
||